[Event "SVK-ch U16 Girls"]
[Site "Tatralandia"]
[Date "2024.04.11"]
[Round "8"]
[White "Novomeska, Karin"]
[Black "Truskova, Stela"]
[Result "1-0"]
[WhiteElo "1950"]
[BlackElo "1684"]
[PlyCount "59"]
[EventDate "2024.04.05"]
[EventType "swiss"]
[EventRounds "9"]
[EventCountry "SVK"]
[SourceTitle "CB16_2024"]
[SourceDate "2024.04.17"]
[SourceVersion "1"]
[SourceVersionDate "2024.04.17"]
[SourceQuality "1"]

1. d4 d5 2. c4 dxc4 3. Nc3 e5 4. e3 exd4 5. exd4 Nc6 6. Be3 Nf6 7. Bxc4 Bd6 8. Nf3 0-0 9. h3 b6 10. Qe2 a6 11. 0-0 b5 12. Bd3 Nb4 13. Ne4 Be6 14. Nxf6+ Qxf6 15. Bg5 Bc4 16. Bxf6 Bxd3 17. Qd2 Bxf1 18. Be5 Bxg2 19. Kxg2 Be7 20. Kh2 f6 21. Bg3 Rad8 22. Qe2 Rfe8 23. Qe6+ Kh8 24. Qf7 Bd6 25. Bxd6 cxd6 26. Rg1 Rg8 27. Nh4 h6 28. Nf5 Rdf8 29. Qg6 Re8 30. Nxg7 1-0

[Event "SVK-ch U16 Girls"]
[Site "Tatralandia"]
[Date "2024.04.08"]
[Round "5"]
[White "Sekova, Olivia"]
[Black "Novomeska, Karin"]
[Result "1-0"]
[WhiteElo "2074"]
[BlackElo "1950"]
[PlyCount "61"]
[EventDate "2024.04.05"]
[EventType "swiss"]
[EventRounds "9"]
[EventCountry "SVK"]
[SourceTitle "CB16_2024"]
[SourceDate "2024.04.17"]
[SourceVersion "1"]
[SourceVersionDate "2024.04.17"]
[SourceQuality "1"]

1. e4 c6 2. d4 d5 3. e5 Bf5 4. Nd2 e6 5. Nb3 c5 6. dxc5 Bxc5 7. Nxc5 Qa5+ 8. c3 Qxc5 9. Be3 Qc7 10. f4 Nh6 11. Be2 Be4 12. Nf3 Nf5 13. Bf2 0-0 14. 0-0 Nc6 15. Ng5 h6 16. Nxe4 dxe4 17. Kh1 e3 18. Bg1 Rfd8 19. Qc1 Rd2 20. Bf3 Rad8 21. Re1 Na5 22. b3 R2d3 23. c4 Nc6 24. Be4 R3d7 25. g4 Nh4 26. Qxe3 Nb4 27. Qxa7 Rd2 28. Bb6 Rxh2+ 29. Kxh2 Rd2+ 30. Kh1 Qd7 31. Qb8+ 1-0

[Event "SVK-ch U16 Girls"]
[Site "Tatralandia"]
[Date "2024.04.06"]
[Round "2"]
[White "Novomeska, Karin"]
[Black "Mendelova, Adela"]
[Result "1-0"]
[WhiteElo "1950"]
[BlackElo "1618"]
[PlyCount "53"]
[EventDate "2024.04.05"]
[EventType "swiss"]
[EventRounds "9"]
[EventCountry "SVK"]
[SourceTitle "CB16_2024"]
[SourceDate "2024.04.17"]
[SourceVersion "1"]
[SourceVersionDate "2024.04.17"]
[SourceQuality "1"]

1. d4 d5 2. c4 dxc4 3. Nc3 Nf6 4. e4 e6 5. Bxc4 a6 6. Nf3 b5 7. Bd3 Bb7 8. Bg5 Be7 9. 0-0 0-0 10. Rc1 Nbd7 11. Bb1 Nb6 12. Qc2 Ng4 13. Bf4 f5 14. exf5 exf5 15. h3 Bxf3 16. gxf3 Qxd4 17. Ne2 Qf6 18. fxg4 Qg6 19. Bg3 Rac8 20. Qb3+ Nc4 21. Bxf5 Rxf5 22. gxf5 Qxf5 23. Rxc4 bxc4 24. Qxc4+ Qf7 25. Qxa6 Qe8 26. Qe6+ Kh8 27. Nf4 1-0

[Event "Stare Mesto Slavia Kromeriz op 2nd"]
[Site "Stare Mesto"]
[Date "2024.03.28"]
[Round "1"]
[White "Babula, Vlastimil1"]
[Black "Novomeska, Karin"]
[Result "1-0"]
[WhiteElo "2363"]
[BlackElo "1929"]
[PlyCount "59"]
[EventDate "2024.03.28"]
[EventType "swiss"]
[EventRounds "7"]
[EventCountry "CZE"]
[SourceTitle "CB14_2024"]
[SourceDate "2024.04.01"]
[SourceVersion "1"]
[SourceVersionDate "2024.04.01"]
[SourceQuality "1"]

1. d4 d5 2. Nc3 Nf6 3. Bf4 a6 4. e3 c5 5. dxc5 Nc6 6. a3 e5 7. Bg5 d4 8. exd4 exd4 9. Ne4 Qe7 10. Bd3 Bf5 11. Bxf6 gxf6 12. Qe2 Bxe4 13. Bxe4 0-0-0 14. b4 Bh6 15. Bxc6 Qxe2+ 16. Kxe2 bxc6 17. Kd3 Rhe8 18. Nf3 Bf4 19. g3 Be5 20. Rhe1 Kc7 21. Nh4 Kd7 22. Re4 Rg8 23. Rae1 Kc8 24. f4 Bc7 25. Re7 Rg4 26. Nf5 Rd5 27. Nh6 Rg7 28. Nxf7 Rd7 29. Rxd7 Kxd7 30. Nh6 1-0

[Event "Modra Slovakia op"]
[Site "Modra"]
[Date "2024.03.05"]
[Round "8"]
[White "Novomeska, Karin"]
[Black "Melih, Mario"]
[Result "0-1"]
[WhiteElo "1929"]
[BlackElo "1930"]
[PlyCount "96"]
[EventDate "2024.03.01"]
[EventType "swiss"]
[EventRounds "9"]
[EventCountry "SVK"]
[SourceTitle "CB11_2024"]
[SourceDate "2024.03.13"]
[SourceVersion "1"]
[SourceVersionDate "2024.03.13"]
[SourceQuality "1"]

1. d4 Nf6 2. c4 g6 3. Nc3 Bg7 4. e4 d6 5. h3 0-0 6. Nf3 e5 7. d5 Nfd7 8. g4 a5 9. Be3 Na6 10. Nd2 Ndc5 11. a3 Bd7 12. h4 f5 13. gxf5 gxf5 14. f3 Qf6 15. Be2 Bh6 16. Rg1+ Kh8 17. Bg5 Qg6 18. Qc2 Bxg5 19. hxg5 Qh5 20. 0-0-0 f4 21. g6 Rg8 22. gxh7 Rg7 23. Rxg7 Kxg7 24. Rg1+ Kf7 25. Qd1 Rh8 26. Rh1 Qg6 27. Qf1 Rxh7 28. Rg1 Qh6 29. Qg2 Rg7 30. Qxg7+ Qxg7 31. Rxg7+ Kxg7 32. Kc2 Kh6 33. Nb3 Nxb3 34. Kxb3 Nc5+ 35. Kc2 Kg5 36. b4 axb4 37. axb4 Na6 38. Kb3 Kh4 39. Ka3 Kg3 40. b5 Nc5 41. Kb2 b6 42. Kc2 Bh3 43. Nb1 Kf2 44. Bd1 Bg2 45. Nd2 Ke3 46. Kc3 Nd3 47. Nb1 Ne1 48. Na3 Bxf3 0-1

[Event "EU-ch U14 Girls rapid"]
[Site "Terme Catez"]
[Date "2023.09.29"]
[Round "8"]
[White "Haapsal, Maria Ioanna"]
[Black "Novomeska, Karin"]
[Result "1/2-1/2"]
[WhiteElo "1482"]
[BlackElo "1820"]
[PlyCount "172"]
[EventDate "2023.09.28"]
[EventType "swiss (rapid)"]
[EventRounds "9"]
[EventCountry "SLO"]
[SourceTitle "EXT 2024"]
[Source "ChessBase"]
[SourceDate "2023.10.10"]
[SourceVersion "1"]
[SourceVersionDate "2023.10.10"]
[SourceQuality "1"]

1. e4 c6 2. Nf3 d5 3. Nc3 dxe4 4. Nxe4 Nf6 5. Nxf6+ exf6 6. d4 Be7 7. Bd3 Bg4 8. c3 0-0 9. Be3 Nd7 10. Qc2 g6 11. h3 Be6 12. 0-0 c5 13. c4 cxd4 14. Nxd4 Nc5 15. Nxe6 Nxe6 16. Rfd1 Qc7 17. Bf1 b5 18. Rac1 Rac8 19. Qe2 bxc4 20. Rxc4 Qb7 21. Rdc1 Bd6 22. Rxc8 Rxc8 23. Rxc8+ Qxc8 24. Bxa7 Qa8 25. Qa6 Qd5 26. Qc4 Qe5 27. g3 Qxb2 28. Be3 Qa3 29. Qb3 Qa5 30. Bc4 Nd8 31. Bb6 Qe1+ 32. Kh2 Kg7 33. Kg2 Ne6 34. Be3 Nd8 35. Bb6 Ne6 36. Be3 Nd8 37. Qd3 Qb4 38. Bd2 Qb6 39. Be3 Qb4 40. Qb3 Qe1 41. Qb6 Be7 42. Qd4 Qb4 43. Qd3 Qb7+ 44. Kg1 Qc7 45. Bb3 Qa5 46. Qd7 Qe5 47. Qd4 Qc7 48. Qc4 Qe5 49. Bb6 Ne6 50. Be3 Qd6 51. Qe4 Nd8 52. Bf4 Qb6 53. Be3 Qd6 54. Qf4 Qxf4 55. Bxf4 Ba3 56. Bd5 Ne6 57. Be3 h5 58. Kf1 Nc7 59. Bc4 g5 60. Ke2 Ne6 61. Kd3 Kg6 62. Kc3 Nc5 63. Bd5 f5 64. Kc4 Nd7 65. Kb3 Bd6 66. a4 Nc5+ 67. Bxc5 Bxc5 68. f3 Bf2 69. g4 fxg4 70. fxg4 hxg4 71. hxg4 f5 72. gxf5+ Kxf5 73. Kc4 g4 74. Kb5 Kf4 75. a5 g3 76. a6 Ke5 77. Bg2 Kd6 78. Bf3 Kc7 79. Ka5 Bb6+ 80. Kb5 Ba7 81. Bb7 Bb6 82. Kc4 Ba7 83. Kd3 Bf2 84. Ke2 Kb6 85. Kf3 Ka7 86. Kg2 Kb8 1/2-1/2

[Event "EU-ch U14 Girls rapid"]
[Site "Terme Catez"]
[Date "2023.09.29"]
[Round "9"]
[White "Novomeska, Karin"]
[Black "Gaszka, Zuzanna"]
[Result "1-0"]
[WhiteElo "1820"]
[BlackElo "1553"]
[PlyCount "55"]
[EventDate "2023.09.28"]
[EventType "swiss (rapid)"]
[EventRounds "9"]
[EventCountry "SLO"]
[SourceTitle "EXT 2024"]
[Source "ChessBase"]
[SourceDate "2023.10.10"]
[SourceVersion "1"]
[SourceVersionDate "2023.10.10"]
[SourceQuality "1"]

1. d4 Nf6 2. c4 g6 3. Nc3 Bg7 4. e4 d6 5. Nf3 0-0 6. h3 Nbd7 7. Be3 e5 8. d5 a5 9. g4 Nc5 10. Nd2 Kh8 11. Be2 Ne8 12. h4 f5 13. h5 gxh5 14. gxf5 h4 15. Nf3 Nf6 16. Bxc5 dxc5 17. Nxh4 Kg8 18. Qd2 Bd7 19. 0-0-0 a4 20. Rdg1 Qe7 21. Qh6 Rf7 22. Bh5 Nxh5 23. Qxh5 Be8 24. Nf3 Qf6 25. Qxh7+ Kf8 26. Rg6 Qd8 27. Ng5 Re7 28. Qh8+ 1-0

[Event "EU-ch U14 Girls rapid"]
[Site "Terme Catez"]
[Date "2023.09.28"]
[Round "4"]
[White "Caku, Kler"]
[Black "Novomeska, Karin"]
[Result "1-0"]
[WhiteElo "1724"]
[BlackElo "1820"]
[PlyCount "83"]
[EventDate "2023.09.28"]
[EventType "swiss (rapid)"]
[EventRounds "9"]
[EventCountry "SLO"]
[SourceTitle "EXT 2024"]
[Source "ChessBase"]
[SourceDate "2023.10.10"]
[SourceVersion "1"]
[SourceVersionDate "2023.10.10"]
[SourceQuality "1"]

1. e4 c6 2. d4 d5 3. exd5 cxd5 4. Bd3 Nc6 5. c3 Qc7 6. Ne2 Nf6 7. Bf4 Qd8 8. 0-0 e6 9. Re1 h6 10. Ng3 Be7 11. Nd2 0-0 12. Nf3 Bd6 13. Ne5 g5 14. Nxc6 bxc6 15. Be5 Bxe5 16. dxe5 Nd7 17. Qh5 Kg7 18. Qh3 Rh8 19. Nh5+ Kf8 20. Re3 Nc5 21. Bc2 Qc7 22. Rf1 Ba6 23. Rd1 Nd7 24. Qg3 Rb8 25. b3 Qd8 26. Bd3 Bxd3 27. Rexd3 Nc5 28. Re3 Qe7 29. Nf6 Nd7 30. h4 Nxf6 31. exf6 Qd8 32. hxg5 hxg5 33. Qxg5 Rg8 34. Qf4 Rb7 35. Rde1 Rg6 36. Rf3 Qc7 37. Qh4 Rg8 38. Qh6+ Ke8 39. Qh7 Rf8 40. Rg3 Rb8 41. Rxe6+ Kd8 42. Rg8 1-0

[Event "EU-ch U14 Girls rapid"]
[Site "Terme Catez"]
[Date "2023.09.28"]
[Round "2"]
[White "Macek, Inti"]
[Black "Novomeska, Karin"]
[Result "1/2-1/2"]
[WhiteElo "1533"]
[BlackElo "1820"]
[PlyCount "136"]
[EventDate "2023.09.28"]
[EventType "swiss (rapid)"]
[EventRounds "9"]
[EventCountry "SLO"]
[SourceTitle "EXT 2024"]
[Source "ChessBase"]
[SourceDate "2023.10.10"]
[SourceVersion "1"]
[SourceVersionDate "2023.10.10"]
[SourceQuality "1"]

1. d4 d5 2. Nf3 e6 3. c4 Nf6 4. Nc3 c6 5. Bg5 Nbd7 6. e3 Qa5 7. Bxf6 Nxf6 8. a3 Ne4 9. Qc1 Nxc3 10. Qxc3 Qxc3+ 11. bxc3 dxc4 12. Bxc4 b5 13. Be2 Bd6 14. Nd2 Bb7 15. Bf3 Rb8 16. Nb3 0-0 17. 0-0 Rfc8 18. Na5 Bc7 19. Nxb7 Rxb7 20. Rfb1 Rb6 21. h3 Bd6 22. a4 a6 23. Rb3 c5 24. Kf1 c4 25. Rb2 b4 26. Ke2 a5 27. Rab1 g6 28. Kd2 e5 29. Kc2 exd4 30. exd4 Rbb8 31. Re1 bxc3 32. Rxb8 Rxb8 33. Rb1 Bb4 34. Be2 Rc8 35. Rd1 Kf8 36. d5 Ke7 37. Rd4 Kd6 38. Rxc4 Rxc4 39. Bxc4 Kc5 40. Bb3 Kd4 41. Ba2 f6 42. Bb3 h6 43. Kd1 Ke5 44. Ke2 Kd4 45. f3 g5 46. g4 c2 47. Bxc2 Kxd5 48. Be4+ Ke5 49. Kf1 Kf4 50. Kg2 Bf8 51. Bc6 f5 52. Bd7 fxg4 53. hxg4 Bg7 54. Kf2 Bd4+ 55. Ke2 Be3 56. Bc8 Bd4 57. Kd3 Bc5 58. Kc4 Bb4 59. Bb7 Ke5 60. Be4 Bd6 61. Kb5 Bb4 62. Kc6 Kf6 63. Kd5 Bc3 64. Kc4 Bb4 65. Kd5 Bc3 66. Kd6 Bb4+ 67. Kd7 Bc5 68. Kc6 Ke5 1/2-1/2

[Event "EU-ch U14 Girls 31st"]
[Site "Mamaia"]
[Date "2023.09.10"]
[Round "5"]
[White "Novomeska, Karin"]
[Black "Andries, Alexia"]
[Result "1/2-1/2"]
[WhiteElo "1814"]
[BlackElo "1717"]
[PlyCount "122"]
[EventDate "2023.09.05"]
[EventType "swiss"]
[EventRounds "9"]
[EventCountry "ROU"]
[SourceTitle "EXT 2024"]
[Source "ChessBase"]
[SourceDate "2023.10.10"]
[SourceVersion "1"]
[SourceVersionDate "2023.10.10"]
[SourceQuality "1"]

1. d4 Nf6 2. Nf3 g6 3. c4 Bg7 4. Nc3 0-0 5. e4 d6 6. h3 e5 7. d5 Na6 8. Be3 Nh5 9. g3 f5 10. exf5 gxf5 11. Ng5 Qe8 12. g4 Nf4 13. Bxf4 exf4+ 14. Qe2 Qg6 15. Ne6 Bxe6 16. dxe6 Rae8 17. Bg2 c6 18. gxf5 Qxg2 19. 0-0-0 Qg5 20. Rxd6 f3+ 21. Qd2 Qxd2+ 22. Kxd2 Rxf5 23. Rg1 Kh8 24. Ne4 Re5 25. Rd7 Bh6+ 26. Kd3 R5xe6 27. Nd6 Rxd6+ 28. Rxd6 Bg7 29. Kc2 Nc5 30. Rgd1 Re2+ 31. R1d2 Kg8 32. Rd8+ Kf7 33. Rxe2 fxe2 34. Kd2 Bxb2 35. Kxe2 Ke7 36. Rd2 Bc1 37. Rc2 Bg5 38. Kf3 h6 39. Kg4 Kf7 40. f4 Bf6 41. f5 Nd3 42. h4 a5 43. Kh5 b6 44. Rd2 Ne5 45. Rd6 a4 46. Re6 a3 47. Kxh6 Nxc4 48. Rxc6 b5 49. Rc7+ Be7 50. Rb7 Nd6 51. Rb6 Nxf5+ 52. Kh5 b4 53. Kg4 Nxh4 54. Kf4 Ke8 55. Rb7 Kd8 56. Ke4 Ng2 57. Kd3 Ne1+ 58. Ke2 Nc2 59. Kd3 b3 60. Rxb3 Nb4+ 61. Kc4 Nc6 1/2-1/2

[Event "EU Union-ch U14"]
[Site "Kouty nad Desnou"]
[Date "2023.08.19"]
[Round "4"]
[White "Novomeska, Karin"]
[Black "Haapsal, Maria Ioanna"]
[Result "1-0"]
[WhiteElo "1842"]
[BlackElo "1508"]
[PlyCount "87"]
[EventDate "2023.08.16"]
[EventType "swiss"]
[EventRounds "9"]
[EventCountry "CZE"]
[SourceTitle "EXT 2024"]
[Source "ChessBase"]
[SourceDate "2023.10.10"]
[SourceVersion "1"]
[SourceVersionDate "2023.10.10"]
[SourceQuality "1"]

1. d4 Nf6 2. c4 e6 3. Nc3 d5 4. Nf3 Be7 5. g3 0-0 6. Bg2 b6 7. 0-0 Bb7 8. b3 Nbd7 9. Bb2 c5 10. Rc1 Rc8 11. Ne5 cxd4 12. Nxd7 dxc3 13. Nxf6+ Bxf6 14. Bxc3 Bxc3 15. Rxc3 Ba6 16. Qc2 dxc4 17. bxc4 Rc5 18. Be4 h6 19. Bh7+ Kh8 20. Bd3 Qc7 21. Qa4 b5 22. Qa3 Rc8 23. Rfc1 Qc6 24. Bb1 Rxc4 25. Rxc4 bxc4 26. Rd1 c3 27. Bc2 Bxe2 28. Rd6 Qc7 29. Qb4 Qc4 30. Qa5 Bd3 31. Rd8+ Kh7 32. Bxd3+ Qxd3 33. Rxd3 c2 34. Rc3 c1Q+ 35. Rxc1 Rxc1+ 36. Kg2 Rc6 37. Qxa7 Kg6 38. Qe3 Rc8 39. a4 Re8 40. a5 f5 41. a6 e5 42. a7 e4 43. Qb6+ Kh5 44. Qc6 1-0

[Event "EU Union-ch U14"]
[Site "Kouty nad Desnou"]
[Date "2023.08.16"]
[Round "1"]
[White "Pritulina, Nadezhda"]
[Black "Novomeska, Karin"]
[Result "0-1"]
[WhiteElo "1372"]
[BlackElo "1842"]
[PlyCount "108"]
[EventDate "2023.08.16"]
[EventType "swiss"]
[EventRounds "9"]
[EventCountry "CZE"]
[SourceTitle "EXT 2024"]
[Source "ChessBase"]
[SourceDate "2023.10.10"]
[SourceVersion "1"]
[SourceVersionDate "2023.10.10"]
[SourceQuality "1"]

1. e4 c6 2. d4 d5 3. e5 Bf5 4. Nc3 e6 5. g4 Bg6 6. h4 h5 7. g5 Ne7 8. Nge2 Nd7 9. Nf4 c5 10. Be2 cxd4 11. Qxd4 Nc6 12. Qd1 Ndxe5 13. Bxh5 Bxh5 14. Nxh5 d4 15. Ne4 Qa5+ 16. Bd2 Qb6 17. Bc1 0-0-0 18. Nf4 Nc4 19. b3 Qa5+ 20. Nd2 Qe5+ 21. Qe2 Nxd2 22. Bxd2 Qxe2+ 23. Nxe2 Ne5 24. 0-0-0 Nf3 25. Bf4 e5 26. Bg3 f5 27. gxf6 gxf6 28. Ng1 Bh6+ 29. Kb2 Nd2 30. Ne2 Ne4 31. Rhf1 Bg7 32. Rd3 Nc5 33. Rd2 f5 34. Rfd1 f4 35. Nxf4 exf4 36. Bxf4 Ne4 37. Rg1 Nxd2 38. Rxg7 Rd7 39. Rxd7 Kxd7 40. Bxd2 Rxh4 41. Bg5 Rh2 42. Bf6 d3 43. Bg5 Rxf2 44. Kc3 dxc2 45. Kb2 a5 46. a4 Kc6 47. Bd8 b6 48. Bg5 Rg2 49. Bd8 Kc5 50. Bc7 Kd4 51. Bf4 Kd3 52. Bh6 Rg1 53. Bc1 Rxc1 54. Kxc1 Kc3 0-1

[Event "Ceske Budejovice op-A"]
[Site "Ceske Budejovice"]
[Date "2023.07.09"]
[Round "9"]
[White "Novomeska, Karin"]
[Black "Borkovec, Milan"]
[Result "1/2-1/2"]
[WhiteElo "1794"]
[BlackElo "2156"]
[PlyCount "39"]
[EventDate "2023.07.01"]
[EventType "swiss"]
[EventRounds "9"]
[EventCountry "CZE"]
[SourceTitle "CBM 215 Extra"]
[Source "ChessBase"]
[SourceDate "2023.09.30"]
[SourceVersion "1"]
[SourceVersionDate "2023.09.30"]
[SourceQuality "1"]

1. d4 Nf6 2. c4 e6 3. Nc3 Bb4 4. Bg5 c5 5. d5 d6 6. e4 Bxc3+ 7. bxc3 h6 8. Bxf6 Qxf6 9. Qf3 Nd7 10. Qxf6 Nxf6 11. Bd3 0-0 12. Ne2 Re8 13. f3 Nd7 14. 0-0 Ne5 15. Nc1 b6 16. Rd1 Ba6 17. Bc2 Rad8 18. Ba4 Re7 19. Bb5 Bb7 20. Nd3 1/2-1/2

[Event "Ceske Budejovice op-A"]
[Site "Ceske Budejovice"]
[Date "2023.07.01"]
[Round "1"]
[White "Birkisson, Bjorn Holm"]
[Black "Novomeska, Karin"]
[Result "0-1"]
[WhiteElo "2137"]
[BlackElo "1794"]
[PlyCount "135"]
[EventDate "2023.07.01"]
[EventType "swiss"]
[EventRounds "9"]
[EventCountry "CZE"]
[SourceTitle "CBM 215 Extra"]
[Source "ChessBase"]
[SourceDate "2023.09.30"]
[SourceVersion "1"]
[SourceVersionDate "2023.09.30"]
[SourceQuality "1"]

1. e4 c6 2. d4 d5 3. e5 Bf5 4. g4 Bd7 5. Nc3 e6 6. Be3 Qc7 7. Nf3 c5 8. Nb5 Bxb5 9. Bxb5+ Nc6 10. 0-0 cxd4 11. Bxd4 a6 12. Be2 Nxd4 13. Qxd4 Ne7 14. Rac1 b5 15. a4 Rb8 16. axb5 axb5 17. Qe3 Nc6 18. b3 Ba3 19. Rb1 0-0 20. c3 Be7 21. b4 Rfc8 22. Bd3 g6 23. h4 Bf8 24. Rfe1 Bg7 25. h5 Ne7 26. Rb3 Nc6 27. h6 Bh8 28. Qe2 Qb6 29. Ra1 d4 30. cxd4 Nxd4 31. Nxd4 Qxd4 32. Re1 Rc3 33. Rxc3 Qxc3 34. Qe4 Qc7 35. f4 Qb6+ 36. Kg2 Qa7 37. g5 Qa2+ 38. Re2 Qa3 39. Rc2 Rd8 40. Bxb5 Qb3 41. Be2 Bg7 42. hxg7 Kxg7 43. b5 Qb1 44. Qc4 Ra8 45. Rc1 Qb2 46. Kf2 Ra3 47. Rd1 Rh3 48. Kg2 Re3 49. Kf2 Rh3 50. Rg1 Qa3 51. Qe4 Qc5+ 52. Kg2 Re3 53. Qc4 Qa3 54. Kf1 Qa1+ 55. Kf2 Qa7 56. Kf1 Qa1+ 57. Kf2 Qa7 58. Ra1 Ra3+ 59. Kg2 Rxa1 60. Bf1 Ra4 61. Qc1 Ra2+ 62. Kf3 Qd4 63. Qe3 Qd5+ 64. Kg3 Rb2 65. Kg4 Qd1+ 66. Qf3 Qe1 67. Bc4 Qg1+ 68. Kh3 0-1

[Event "SVK-ch U14 Girls"]
[Site "Dudince"]
[Date "2023.04.22"]
[Round "8"]
[White "Novomeska, Karin"]
[Black "Sekova, Olivia"]
[Result "0-1"]
[WhiteElo "1779"]
[BlackElo "1827"]
[PlyCount "78"]
[EventDate "2023.04.16"]
[EventType "swiss"]
[EventRounds "9"]
[EventCountry "SVK"]
[SourceTitle "CBM 213 Extra"]
[Source "ChessBase"]
[SourceDate "2023.05.31"]
[SourceVersion "1"]
[SourceVersionDate "2023.05.31"]
[SourceQuality "1"]

1. d4 Nf6 2. Nf3 g6 3. c4 Bg7 4. Nc3 d6 5. e4 0-0 6. h3 e5 7. d5 a5 8. Be2 Na6 9. Be3 Nh5 10. g3 f5 11. exf5 gxf5 12. Ng5 f4 13. gxf4 exf4 14. Bd4 Bxd4 15. Qxd4 Qxg5 16. Ne4 Qg7 17. 0-0-0 Qxd4 18. Rxd4 f3 19. Rg1+ Kh8 20. Bf1 Nf4 21. Nc3 Bd7 22. Rg3 Ne2+ 23. Nxe2 fxe2 24. Bxe2 Rxf2 25. Bd3 Re8 26. Bc2 Nb4 27. Be4 Bf5 28. Bxf5 Re1+ 29. Rd1 Nxa2+ 30. Kb1 Rxd1+ 31. Kxa2 Rxf5 32. Re3 Re5 33. Rf3 Kg7 34. Rg3+ Kf6 35. Rg8 Rd3 36. Rf8+ Kg7 37. Ra8 b6 38. Ra7 Re7 39. h4 Rd4 0-1

[Event "EU-ch U14 Girls 30th"]
[Site "Antalya"]
[Date "2022.11.13"]
[Round "8"]
[White "Tirpan, Ceren"]
[Black "Novomeska, Karin"]
[Result "1-0"]
[WhiteElo "1673"]
[BlackElo "1797"]
[PlyCount "159"]
[EventDate "2022.11.06"]
[EventType "swiss"]
[EventRounds "9"]
[EventCountry "TUR"]
[SourceTitle "CBM 211 Extra"]
[Source "ChessBase"]
[SourceDate "2023.01.31"]
[SourceVersion "1"]
[SourceVersionDate "2023.01.31"]
[SourceQuality "1"]

1. c4 c6 2. Nf3 d5 3. b3 Nf6 4. g3 e6 5. Bg2 Be7 6. 0-0 0-0 7. d3 Nbd7 8. Bb2 Qc7 9. Qc2 Rd8 10. Nc3 b5 11. cxb5 cxb5 12. Nd4 Rb8 13. Rac1 Bc5 14. Ncxb5 Qb6 15. b4 Bxd4 16. Nxd4 Bb7 17. Qd2 Ba8 18. Nc2 a5 19. Rb1 axb4 20. Ba1 Qa5 21. Nxb4 Rb6 22. Bc3 Qa4 23. Qd1 Qxd1 24. Rfxd1 Rdb8 25. a3 Bc6 26. Rdc1 Ba4 27. Rb2 h6 28. Rcb1 Ne8 29. Bd4 Rb5 30. e4 e5 31. Bc3 d4 32. Be1 Nd6 33. Rc1 Nc5 34. Bf1 g6 35. f4 f6 36. Rf2 Rf8 37. Nd5 exf4 38. Rxf4 Kg7 39. Bb4 g5 40. Rf2 Ncb7 41. Rc7+ Rf7 42. Rxf7+ Nxf7 43. Be7 f5 44. Bf6+ Kg6 45. Rxf5 Rxd5 46. Rxd5 Kxf6 47. Rxd4 Bb5 48. Rb4 Nbd6 49. a4 Bc6 50. a5 Ne5 51. Be2 Bb5 52. a6 Nc6 53. Rb2 Bxa6 54. e5+ Kxe5 55. d4+ Nxd4 56. Bxa6 Nf3+ 57. Kg2 Nd4 58. Bd3 h5 59. Bg6 h4 60. Kh3 hxg3 61. hxg3 Nc4 62. Rb8 Kf6 63. Rb4 g4+ 64. Kh2 Nf3+ 65. Kh1 Nfe5 66. Bd3 Nxd3 67. Rxc4 Ne5 68. Ra4 Kf5 69. Kg2 Kg5 70. Kf2 Nf7 71. Ra5+ Kg6 72. Ke3 Nh6 73. Kf4 Kf6 74. Ra6+ Kg7 75. Kg5 Nf7+ 76. Kxg4 Ne5+ 77. Kf5 Nf7 78. Ra7 Kg8 79. Kf6 Nh6 80. Kg6 1-0

[Event "SVK-chT3A2 2223"]
[Site "Slovakia"]
[Date "2022.10.16"]
[Round "1.5"]
[White "Kubis, Ivan"]
[Black "Novomeska, Karin"]
[Result "0-1"]
[WhiteElo "1845"]
[BlackElo "1715"]
[PlyCount "158"]
[EventDate "2022.10.16"]
[EventType "team-tourn"]
[EventRounds "9"]
[EventCountry "SVK"]
[SourceTitle "EXT 2024"]
[Source "ChessBase"]
[SourceDate "2023.10.10"]
[SourceVersion "1"]
[SourceVersionDate "2023.10.10"]
[SourceQuality "1"]
[WhiteTeam "Holic"]
[BlackTeam "Skalica"]
[WhiteTeamCountry "SVK"]
[BlackTeamCountry "SVK"]

1. e4 c6 2. d4 d5 3. Nc3 dxe4 4. Nxe4 Bf5 5. Ng3 Bg6 6. Nf3 Nd7 7. h4 h6 8. h5 Bh7 9. Bd3 Bxd3 10. Qxd3 Ngf6 11. Bd2 e6 12. 0-0-0 Bd6 13. Ne4 Nxe4 14. Qxe4 Nf6 15. Qe2 Qc7 16. g3 0-0-0 17. Kb1 Rhe8 18. c4 c5 19. Bc3 Qe7 20. Ne5 Bxe5 21. dxe5 Nd7 22. f4 Nb8 23. Qe4 Rxd1+ 24. Rxd1 Rd8 25. Rxd8+ Qxd8 26. Kc2 Nc6 27. a3 Ne7 28. b4 cxb4 29. axb4 Qd7 30. b5 a6 31. Qe3 Kb8 32. Qc5 axb5 33. cxb5 Nd5 34. Bd4 b6 35. Qd6+ Qxd6 36. exd6 f6 37. Kd3 Kc8 38. Bb2 Kd7 39. Ba3 f5 40. Bb2 Nf6 41. Be5 Nxh5 42. Ke3 Nxg3 43. Bxg7 h5 44. Bd4 Ne4 45. Bxb6 Nxd6 46. Kf3 Ke8 47. Kg3 Kf7 48. Kh4 Kg6 49. Bd4 Nxb5 50. Be5 Na7 51. Bc7 Nc8 52. Bd8 Nd6 53. Bc7 Nf7 54. Bb8 Kh6 55. Bc7 Nh8 56. Bd6 Ng6+ 57. Kh3 Kg7 58. Kg3 Kf7 59. Bb8 Ke7 60. Ba7 Kd6 61. Bb8+ Kd5 62. Kf3 Kd4 63. Bc7 Kd3 64. Bb6 h4 65. Bg1 Kd2 66. Bf2 Kd1 67. Ke3 h3 68. Bg3 Nh4 69. Kf2 Ng2 70. Kf1 Ne3+ 71. Kf2 Ng4+ 72. Kf3 h2 73. Kg2 Ke2 74. Bh4 Ke3 75. Bg5 h1Q+ 76. Kxh1 Kf3 77. Kg1 Nf2 78. Kf1 Nh3 79. Bh6 Nxf4 0-1

[Event "EU Union-ch U14"]
[Site "Pec pod Snezkou"]
[Date "2022.08.28"]
[Round "7"]
[White "Brozynski, Patryk"]
[Black "Novomeska, Karin"]
[Result "0-1"]
[WhiteElo "1911"]
[BlackElo "1765"]
[PlyCount "88"]
[EventDate "2022.08.22"]
[EventType "swiss"]
[EventRounds "9"]
[EventCountry "CZE"]
[SourceTitle "EXT 2023"]
[Source "ChessBase"]
[SourceDate "2022.10.05"]
[SourceVersion "1"]
[SourceVersionDate "2022.10.05"]
[SourceQuality "1"]

1. e4 c6 2. Nf3 d5 3. d3 Bg4 4. h3 Bh5 5. Nc3 e6 6. Be2 Nf6 7. 0-0 Be7 8. Bf4 0-0 9. Re1 Nfd7 10. Ne5 Bxe2 11. Qxe2 Nxe5 12. Bxe5 Nd7 13. Bg3 Bb4 14. exd5 cxd5 15. d4 Rc8 16. Qd3 Qa5 17. Re3 Bxc3 18. bxc3 Rc4 19. f3 Rfc8 20. Be1 Nb6 21. Kh2 Na4 22. Rb1 Qc7+ 23. Bg3 Qc6 24. Be1 Nxc3 25. Bxc3 Qd6+ 26. g3 Rxc3 27. Qxc3 Rxc3 28. Rxc3 Qd7 29. h4 g6 30. Rb4 b6 31. a3 Kg7 32. Kg2 Qb7 33. Kh2 Qa6 34. Rd3 Qc8 35. c4 dxc4 36. Rc3 Qc6 37. Rbxc4 Qd5 38. a4 h6 39. Kg2 g5 40. hxg5 hxg5 41. Kf2 Qf5 42. Kg2 g4 43. fxg4 Qe4+ 44. Rf3 Qe2+ 0-1

[Event "EU Union-ch U14"]
[Site "Pec pod Snezkou"]
[Date "2022.08.23"]
[Round "2"]
[White "Novomeska, Karin"]
[Black "Arshinkova, Boryana"]
[Result "1-0"]
[WhiteElo "1765"]
[BlackElo "1483"]
[PlyCount "73"]
[EventDate "2022.08.22"]
[EventType "swiss"]
[EventRounds "9"]
[EventCountry "CZE"]
[SourceTitle "EXT 2023"]
[Source "ChessBase"]
[SourceDate "2022.10.05"]
[SourceVersion "1"]
[SourceVersionDate "2022.10.05"]
[SourceQuality "1"]

1. d4 f5 2. Bg5 g6 3. Nc3 Bg7 4. e4 d6 5. exf5 Bxf5 6. Nf3 Nf6 7. Bc4 Nbd7 8. 0-0 Nb6 9. Bb3 Qd7 10. Re1 0-0-0 11. Nh4 Kb8 12. a4 h6 13. Bd2 d5 14. Qe2 e6 15. a5 Nc8 16. Ba4 c6 17. b4 a6 18. Bf4+ Ka8 19. b5 cxb5 20. Nxb5 axb5 21. Bxb5 Qe7 22. a6 b6 23. a7 Qb7 24. Ba6 Qc6 25. Bb5 Qb7 26. c4 Ne8 27. Nxf5 exf5 28. cxd5 Qxd5 29. Rec1 Bxd4 30. Ra3 Bb2 31. Qxb2 Nxa7 32. Rd3 Qxd3 33. Bxd3 Rh7 34. Qxb6 Rhd7 35. Ra1 Rc8 36. Rb1 Nc6 37. Bb5 1-0